Every IB Course Offered at Broughton - Statistics

General Stats
  • This quiz has been taken 41 times
  • The average score is 15 of 23
Answer Stats
Category Answer % Correct
Language and Literature English
100%
Language Acquisition French
100%
Language Acquisition Spanish
100%
Natural Sciences Physics
97%
Language Acquisition German
94%
Natural Sciences Biology
91%
Natural Sciences Chemistry
91%
Language Acquisition Chinese
85%
Individuals and Societies History
85%
IB Core Theory of Knowledge
85%
Mathematics Math Analysis
76%
Individuals and Societies Economics
65%
Mathematics Math Applications
65%
Arts and Other Electives Music
65%
Individuals and Societies Psychology
50%
Individuals and Societies Global Politics
47%
Arts and Other Electives Theatre
47%
Arts and Other Electives Visual Art
47%
Arts and Other Electives Dance
44%
Natural Sciences Environmental Systems and Societies
44%
Arts and Other Electives Film
44%
Language Acquisition Chinese ab initio
12%
Language and Literature Guided Study Literature
12%
No matching quizzes found
Score Distribution
Percent of People with Each Score
Percentile by Number Answered
Your Score History
You have not taken this quiz